Alfabeto greco - Statistics

Statistiche generali
  • Questo quiz è stato fatto 49 volte
  • Il punteggio medio è 19 su 24
Statistiche sulle risposte
Lettera Trascrizione tradizionale % Corretto
Α α Alpha
100%
Β β Beta
100%
Δ δ Delta
95%
Ε ε Epsilon
95%
Γ γ Gamma
95%
Π π Pi
88%
Ζ ζ Zeta
88%
Κ κ Kappa
86%
Ω ω Omega
86%
Μ μ Mi
84%
Λ λ Lambda
81%
Ν ν Ni
81%
Ρ ρ Rho
81%
Θ θ Theta
81%
Ι ι Iota
79%
Ο ο Omicron
79%
Σ σ ς Sigma
77%
Η η Eta
74%
Τ τ Tau
74%
Υ υ Upsilon
65%
Φ φ Phi
63%
Ψ ψ Psi
60%
Ξ ξ Xi
58%
Χ χ Chi
56%
Nessun quiz corrispondente trovato
Distribuzione punteggi
Percentuale di utenti per punteggio
Percentile per numero di risposta
I tuoi punteggi nel tempo
Non hai fatto questo quiz